Quand brillent les étoiles de Midi /

保存先:
書誌詳細
第一著者: Ichac, Marcel.
フォーマット: 図書
言語:French
出版事項: France : Arthaud, 1960.
タグ: タグ追加
タグなし, このレコードへの初めてのタグを付けませんか!
Thư viện lưu trữ: Mạng thư viện Đại học Đà Nẵng
LEADER 00687cam a2200289 i 4500
001 000044334
003 2703
005 20030221150954.0
008 010307|1960 vm 000 fre
022 |a T 
040 |a IRC  |c IRC  |d IRC 
041 0 |a fre 
082 1 4 |a 791.455  |b IC-M 
100 1 |a Ichac, Marcel. 
245 0 0 |a Quand brillent les étoiles de Midi /  |c Marcel Ichac. 
260 |a France :  |b Arthaud,  |c 1960. 
300 |a 120p. ;  |c 23,5cm. 
OWN |a DUT 
999 |a From the UDN01 
TYP |a Monograph 
TYP |a Printed language 
980 |a Mạng thư viện Đại học Đà Nẵng